000
00261nam a22001217a 4500
008
170324b xxu||||| |||| 00| 0 eng d
041
_a
eng
080
_a
611
100
_a
6
101
_a
SHM
245
_a
ANATOMY AND PHYSIOLOGY
_c
JENKINS, G.W
942
_2
udc
_c
BK
999
_c
8535
_d
8535